000
00316nam a2200109Ia 4500
008
220204s9999 xx 000 0 und d
082
_a
334(540)
_b
RES
245
0
_a
Review of the cooperative movement in India 1950-52,1956-8, and 1958-60
260
_a
Bombay
_b
RBI
_c
1958
650
_a
Cooperative movement
942
_c
BK
999
_c
20060
_d
20060